[Event "1st WMSG Rapid Team w"]
[Site "Beijing CHN"]
[Date "2008.10.15"]
[Round "6"]
[White "Mira,H"]
[Black "Stasiunaite,L"]
[Result "0-1"]
[WhiteElo "2115"]
[BlackElo "2148"]

1.Nf3 d5 2.d4 c6 3.c4 Nf6 4.Nc3 e6 5.e3 Nbd7 6.Qc2 Be7 7.Bd3 O-O 8.O-O b6
9.e4 dxe4 10.Nxe4 Bb7 11.Re1 h6 12.Bf4 c5 13.Rad1 cxd4 14.Nxd4 e5 15.Bxh6 exd4
16.Bc1 Nxe4 17.Bxe4 Bxe4 18.Qxe4 Bf6 19.b3 Re8 20.Qf3 Ne5 21.Qh3 Qc8 22.Qxc8 Raxc8
23.Bb2 Nd3 24.Rxe8+ Rxe8 25.Ba1 Re2 26.Kf1 Rxf2+ 27.Kg1 Rxa2 28.Rxd3 Rxa1+
29.Kf2 Rc1  0-1

[Event "1st WMSG Rapid Team"]
[Site "Beijing CHN"]
[Date "2008.10.15"]
[Round "6"]
[White "Annaberdiev,M"]
[Black "Rasmussen,Kar"]
[Result "1-0"]
[WhiteElo "2444"]
[BlackElo "2466"]

1.d4 d5 2.Nf3 Nf6 3.c4 c6 4.Nc3 e6 5.e3 Nbd7 6.Bd3 dxc4 7.Bxc4 b5 8.Bb3 b4
9.Ne2 Bd6 10.O-O O-O 11.Ng3 c5 12.e4 cxd4 13.Nxd4 Bxg3 14.hxg3 Nxe4 15.Bxe6 Ba6
16.Bd5 Bxf1 17.Bxe4 Bc4 18.Bxa8 Qxa8 19.b3 Bd5 20.Bb2 Bxg2 21.f3 Bh3 22.Kh2 Be6
23.Nxe6 fxe6 24.Qxd7 Rf7 25.Qxe6 Qxf3 26.Bd4 h6 27.Re1 Qd3 28.Qe8+ Rf8 29.Qe4 Qd2+
30.Re2 Qg5 31.Qe6+ Kh8 32.Qe7 Qh5+ 33.Kg1 Rf7 34.Qe8+ Kh7 35.Qe5 Qh3 36.Qe4+ Kg8
37.Qe8+  1-0

[Event "South Bohemia Open"]
[Site "Cesky Krumlov CZE"]
[Date "2008.10.15"]
[Round "6"]
[White "Bartos,J"]
[Black "Fagerstrom,B"]
[Result "1-0"]
[WhiteElo "2203"]
[BlackElo "2132"]

1.d4 d5 2.c4 c6 3.e3 Nf6 4.Nc3 e6 5.Nf3 Nbd7 6.Bd3 dxc4 7.Bxc4 b5 8.Be2 Bb7
9.O-O Be7 10.e4 b4 11.e5 bxc3 12.exf6 Bxf6 13.bxc3 c5 14.dxc5 Nxc5 15.Ba3 Be7
16.Bb5+ Kf8 17.Ne5 Qc7 18.Qh5 g6 19.Qh6+ Kg8 20.Nd7 Nxd7 21.Bxe7 Re8 22.Qh4 Bc6
23.Bxc6 Qxc6 24.Rad1 Qc7 25.Rd2 h6 26.Rfd1 Nb6 27.Bf6 g5 28.Qe4  1-0

[Event "USCL 2008"]
[Site "ICC INT"]
[Date "2008.10.15"]
[Round "8"]
[White "Andrews,T"]
[Black "Bhat,V"]
[Result "0-1"]
[WhiteElo "2315"]
[BlackElo "2483"]

1.d4 d5 2.c4 c6 3.Nc3 Nf6 4.e3 e6 5.Nf3 Nbd7 6.Qc2 Bd6 7.g4 Nxg4 8.Rg1 f5
9.h3 Ngf6 10.Rxg7 Ne4 11.Bd2 Nf8 12.Rg2 Ng6 13.O-O-O Bd7 14.Be1 Qf6 15.Kb1 O-O-O
16.c5 Bc7 17.Qa4 Bb8 18.Rd3 Rdg8 19.Nd1 Nh4 20.Nxh4 Qxh4 21.Rxg8+ Rxg8 22.Rb3 Nxc5
23.Qb4 Nxb3 24.axb3 e5 25.f4 Qh5 26.Nc3 Rg1  0-1

[Event "XV PRO AM Open"]
[Site "Villa Martelli ARG"]
[Date "2008.10.15"]
[Round "6"]
[White "Mareco,S"]
[Black "Vasquez,R"]
[Result "1/2-1/2"]
[WhiteElo "2481"]
[BlackElo "2522"]

1.d4 d5 2.c4 c6 3.Nf3 Nf6 4.Nc3 e6 5.e3 Nbd7 6.Qc2 Bd6 7.Bd3 O-O 8.O-O dxc4
9.Bxc4 b5 10.Bd3 Qc7 11.h3 Bb7 12.a3 Rfc8 13.Bd2 a5 14.e4 e5 15.dxe5 Nxe5
16.Nxe5 Bxe5 17.f4 Bd4+ 18.Kh1 g6 19.Ne2 Bb6 20.e5 Rd8 21.f5 Rxd3 22.Qxd3 Rd8
23.Qc2 Qxe5 24.Bg5 Nh5 25.Bxd8 Bxd8 26.fxg6 hxg6 27.Qb3 Bf6 28.Rf2 Qxb2 29.Qxb2 Bxb2
30.Raf1 Ba6 31.g4 Ng7 32.Rd1 Ne6 33.Nf4 Nxf4 34.Rd8+ Kg7 35.Rxf4 b4 36.axb4 axb4
37.Rd7 g5 38.Rxb4 Be5 39.Rb6 Bf1 40.Rxc6 Bxh3 41.Rc4 Bf4 42.Rxf4  1/2-1/2

[Event "1st WMSG Rapid Team w"]
[Site "Beijing CHN"]
[Date "2008.10.16"]
[Round "7"]
[White "Acevedo Garcia,H"]
[Black "Matoussi,Ama"]
[Result "1/2-1/2"]
[WhiteElo "2070"]
[BlackElo "1761"]

1.d4 d5 2.c4 c6 3.Nf3 Nf6 4.Nc3 e6 5.e3 Nbd7 6.Bd3 dxc4 7.Bxc4 b5 8.Bd3 Be7
9.Qc2 Bb7 10.O-O Rc8 11.e4 b4 12.Na4 h6 13.Rd1 O-O 14.Nc5 Ba8 15.h3 Qb6 16.Be3 Rfd8
17.Rac1 a5 18.Qa4 Qc7 19.Na6 Qb6 20.Ne5 Bb7 21.Nxd7 Nxd7 22.d5 c5 23.dxe6 fxe6
24.Qb5 Qxb5 25.Bxb5 Bxa6 26.Bxd7 Rc7 27.Bxe6+ Kf8 28.Rxd8+ Bxd8 29.Bxc5+ Be7
30.Bxe7+ Rxe7 31.Bd5 g5 32.Rc6 Bd3 33.Rxh6 Bxe4 34.Bxe4 Rxe4 35.Ra6 Re1+
36.Kh2 Re2 37.Rxa5 Rxb2 38.Kg3 Kg7 39.Ra6 Rd2 40.f3 Rd3 41.Rb6 Rd4 42.Ra6 Rc4
43.Kf2 Rc2+ 44.Kg3 Rc4 45.Ra5 Kg6 46.Ra6+ Kf5 47.Ra5+ Kg6 48.Rb5 Kf6 49.Rd5 Rc2
50.Ra5 Kg6 51.f4 Rc3+ 52.Kg4 gxf4 53.Kxf4 Rc4+ 54.Kf3 Rc3+ 55.Kg4 Rc2 56.g3 Rc4+
57.Kf3 Rc3+ 58.Kf4 Rc4+ 59.Ke5 Rc3 60.Rb5 Rxg3 61.Rxb4 Rxh3 62.a4 Rh5+ 63.Kd6 Rf5
64.Rb5 Rf6+ 65.Kc7 Rf7+ 66.Kb6 Rf6+ 67.Ka5 Kf7 68.Rb6 Rf5+ 69.Ka6 Ke7 70.a5 Kd8
71.Rb5 Rf6+ 72.Ka7 Rf7+ 73.Rb7 Rf6 74.a6 Kc8 75.Ka8 Rxa6+ 76.Ra7 Rxa7+ 77.Kxa7  1/2-1/2

[Event "1st WMSG Rapid Team"]
[Site "Beijing CHN"]
[Date "2008.10.16"]
[Round "7"]
[White "Kakageldyev,A"]
[Black "Steingrimsson,H"]
[Result "0-1"]
[WhiteElo "2449"]
[BlackElo "2540"]

1.d4 d5 2.c4 e6 3.Nf3 Nf6 4.Nc3 c6 5.e3 Nbd7 6.Qc2 Bd6 7.Bd2 O-O 8.O-O-O c5
9.Kb1 a6 10.dxc5 Nxc5 11.cxd5 exd5 12.Bc1 Be6 13.Nd4 b5 14.f3 Rc8 15.Nxe6 fxe6
16.Qd2 Qb6 17.g4 b4 18.Ne2 b3 19.a3 Na4 20.Qd3 Bxa3 21.bxa3 Rc2 22.Qd4 Qc6
23.Rd2 Rc8 24.Bh3 Rc4 25.Qe5 Nd7 26.Qa1  0-1

[Event "1st WMSG Rapid Team"]
[Site "Beijing CHN"]
[Date "2008.10.16"]
[Round "8"]
[White "Goldenberg,I"]
[Black "Sveshnikov,E"]
[Result "1/2-1/2"]
[WhiteElo "2393"]
[BlackElo "2525"]

1.Nf3 d5 2.d4 Nf6 3.c4 e6 4.Nc3 c6 5.e3 Nbd7 6.Bd3 dxc4 7.Bxc4 b5 8.Bd3 b4
9.Ne4 Nxe4 10.Bxe4 Bb7 11.O-O Bd6 12.Nd2 Qc7 13.h3 O-O 14.Nc4 Be7 15.b3 c5
16.Bxb7 Qxb7 17.Bb2 Bf6 18.Qg4 a5 19.Rfd1 a4 20.Rac1 axb3 21.axb3 Ra2 22.dxc5 Bxb2
23.Nxb2 Nxc5 24.Rxc5 Rxb2 25.Qc4 h6 26.Rc7 Qb8 27.Rdd7 g6 28.Qf4 Qe8 29.Re7 g5
30.Qf6 Rb1+ 31.Kh2 Qd8 32.Qxh6 Qd6+ 33.f4 gxf4 34.Qg5+ Kh8 35.Qf6+ Kg8 36.exf4 Qd1
37.Rxf7 Qg1+ 38.Kg3 Rxb3+ 39.Kh4 Qf2+ 40.Kh5 Rxh3+ 41.gxh3 Qf3+ 42.Kg6 Qd3+
43.Kh6 Qxh3+ 44.Kg6 Qd3+ 45.Kh6 Qh3+ 46.Kg6 Qd3+  1/2-1/2

[Event "1st WMSG Rapid Team w"]
[Site "Beijing CHN"]
[Date "2008.10.16"]
[Round "8"]
[White "Vovk,Ok"]
[Black "Beinoraite,V"]
[Result "0-1"]
[WhiteElo "2142"]
[BlackElo "2051"]

1.d4 d5 2.c4 c6 3.Nf3 Nf6 4.Nc3 e6 5.e3 Nbd7 6.Qc2 Bd6 7.b3 O-O 8.Be2 Qe7
9.O-O dxc4 10.bxc4 e5 11.Rb1 Re8 12.Nd2 e4 13.f3 exf3 14.Nxf3 Nf8 15.Re1 Ng4
16.e4 Nxh2 17.e5 Nxf3+ 18.Bxf3 Bc7 19.Bf4 Qh4 20.g3 Qd8 21.d5 Bb6+ 22.Kg2 Bd7
23.Ne4 cxd5 24.Nd6 Ng6 25.Bxd5 Bc6 26.Qe4 Rf8 27.Nxb7 Bxb7 28.Bxb7 Nxf4+
29.Qxf4 Rb8 30.Bd5 Qc7 31.Rh1 Rbe8 32.Qh4 h6 33.Qg4 Qxe5 34.Rxh6 Qe2+ 35.Qxe2 Rxe2+
36.Kf1 Rf2+ 37.Ke1 Re8+ 38.Be6 gxh6 39.Rxb6 axb6 40.Kxf2 Rxe6 41.Kf3 Kg7  0-1

[Event "1st WMSG Rapid Team w"]
[Site "Beijing CHN"]
[Date "2008.10.16"]
[Round "8"]
[White "Acevedo Garcia,H"]
[Black "Mohammed Qane,J"]
[Result "1/2-1/2"]
[WhiteElo "2070"]
[BlackElo "1913"]

1.d4 d5 2.c4 c6 3.Nf3 Nf6 4.Nc3 e6 5.e3 Bb4 6.Qc2 O-O 7.a3 Bxc3+ 8.Qxc3 Nbd7
9.Bd3 dxc4 10.Qxc4 Qa5+ 11.b4 Qd5 12.O-O Qxc4 13.Bxc4 Re8 14.Bb2 Nb6 15.Bd3 Na4
16.Bc1 Bd7 17.Ne5 Nb6 18.a4 Nbd5 19.Nxd7 Nxd7 20.b5 cxb5 21.Bxb5 N5f6 22.Ba3 a6
23.Bd3 e5 24.dxe5 Nxe5 25.Bf5 Nc4 26.Bc5 Nd2 27.Rfd1 Nb3 28.Bd4 Nxa1 29.Rxa1 b5
30.axb5 axb5 31.Rb1 Rab8 32.h3 h6 33.Bd3 b4 34.Kf1 Nd5 35.Ke1 Nc3 36.Rb3 Ne4
37.f3 Nf6 38.Kf2 Nd5 39.Bc4 Nf6 40.Be2 Nd5 41.Bc4 Nf6 42.Be2 Rec8 43.Bd3 Nd5
44.Be5 Ra8 45.Rb2 Re8 46.Bd4 Nc3 47.Rxb4 Nd1+ 48.Ke2 Nxe3 49.Bxe3 Ra2+ 50.Kf1 Ra3
51.Rd4 Kf8 52.Bf4 Ra1+ 53.Kf2 Ra2+ 54.Kg3 g5 55.Bd6+ Kg8 56.h4 gxh4+ 57.Rxh4 Rd2
58.Rd4 Ree2 59.Bxe2 Rxd4 60.Be5 Rd2 61.Bc4 Rc2 62.Bd5 Rc5 63.Bxf7+ Kxf7 64.f4 Kg6
65.Kh4 Rc2 66.g4 Rh2+ 67.Kg3 Ra2 68.f5+ Kf7 69.Bf4 Ra3+ 70.Kh4 Kg7 71.f6+ Kxf6
72.Bxh6 Ke5  1/2-1/2

[Event "1st WMSG Rapid Team"]
[Site "Beijing CHN"]
[Date "2008.10.16"]
[Round "9"]
[White "Sasikiran,K"]
[Black "Kulaots,K"]
[Result "1/2-1/2"]
[WhiteElo "2694"]
[BlackElo "2556"]

1.d4 d5 2.c4 c6 3.Nc3 Nf6 4.e3 e6 5.Nf3 Nbd7 6.Qc2 Bd6 7.Bd3 O-O 8.O-O dxc4
9.Bxc4 a6 10.Rd1 b5 11.Be2 Qc7 12.Bd2 c5 13.dxc5 Bxc5 14.Ne4 Nxe4 15.Qxe4 Bb7
16.Qh4 Ne5 17.Rac1 Nxf3+ 18.Bxf3 Bxf3 19.gxf3 Rfd8 20.Qg3 Qxg3+ 21.fxg3 Be7
22.Ba5 Rxd1+ 23.Rxd1 Ra7 24.Rc1 h5 25.Rc6 Ra8 26.f4 Kf8  1/2-1/2

[Event "1st WMSG Rapid Team"]
[Site "Beijing CHN"]
[Date "2008.10.16"]
[Round "9"]
[White "Wu Shaobin"]
[Black "Erdos,V"]
[Result "1/2-1/2"]
[WhiteElo "2455"]
[BlackElo "2577"]

1.d4 d5 2.c4 e6 3.Nc3 c6 4.e3 Nf6 5.Nf3 a6 6.Bd2 c5 7.a3 dxc4 8.Bxc4 b5 9.Be2 Bb7
10.O-O Nc6 11.Rc1 cxd4 12.exd4 Be7 13.Be3 O-O 14.Ne5 Nxe5  1/2-1/2

[Event "Ugra Cup"]
[Site "Khantiy Mansiysk RUS"]
[Date "2008.10.16"]
[Round "2"]
[White "Frolyanov,D"]
[Black "Smirnov,P"]
[Result "0-1"]
[WhiteElo "2557"]
[BlackElo "2579"]

1.d4 d5 2.c4 c6 3.Nf3 Nf6 4.Nc3 e6 5.e3 Nbd7 6.Bd3 dxc4 7.Bxc4 b5 8.Bd3 Bb7
9.O-O a6 10.e4 c5 11.d5 Qc7 12.dxe6 fxe6 13.Bc2 Bd6 14.Ng5 Nf8 15.f4 O-O-O
16.Qe2 h6 17.Nf3 Bxf4 18.e5 Bxf3 19.Qxf3 Bxe5 20.Qa8+ Kd7 21.Qxa6 Bxh2+ 22.Kh1 Ke7
23.Qxb5 Qe5 24.Qe2 N8d7 25.a4 Rhf8 26.Bd2 Rb8 27.Rae1 Rxb2 28.Qc4 Qd6 29.Nb5 Qd5
30.Qxd5 Nxd5 31.Rxf8 Kxf8 32.Na3 Be5 33.Bc1 Rb4 34.Re4 Rxe4 35.Bxe4 Bc3 36.Nc4 Ke7
37.a5 Nb8 38.Ba3 Na6 39.Nb6 Ndc7 40.Nc4 Nd5 41.Nb6 Kd6 42.Nc4+ Kc6 43.Bd3 Kb5
44.Bc1 Kc6 45.g3 Nab4 46.Bf1 g5 47.Kg2 Nc7 48.Kf3 Nc2 49.Kg4 Be1 50.Ne5+ Kd5
51.Bb2 Ne3+  0-1

[Event "24th ECC"]
[Site "Kallithea GRE"]
[Date "2008.10.17"]
[Round "1"]
[White "Gretarsson,Hj"]
[Black "Haba,P"]
[Result "1/2-1/2"]
[WhiteElo "2284"]
[BlackElo "2546"]

1.c4 c6 2.d4 d5 3.Nf3 Nf6 4.e3 e6 5.Nc3 Nbd7 6.Qc2 Bd6 7.g4 Nxg4 8.Rg1 f5
9.h3 Ngf6 10.Rxg7 Ne4 11.Rg2 Qf6 12.Bd2 Nf8 13.O-O-O Ng6 14.Be2 Bd7 15.Rdg1 Bc7
16.Be1 O-O-O 17.Na4 Kb8 18.Ne5 Nxe5 19.dxe5 Qxe5 20.Kb1 c5 21.Nxc5 Nxc5 22.Bc3 Qd6
23.Bxh8 Rxh8 24.cxd5 Qxd5 25.Rg7 Rd8 26.Rd1 Qe5 27.Rxh7 Ba4 28.Rxd8+ Bxd8
29.Qc4 Bc6 30.Qd4 Be4+ 31.Kc1 Qxd4 32.exd4 Bg5+ 33.Kd1 Na4 34.b3 Nc3+ 35.Ke1 Nxe2
36.Kxe2 Kc8 37.h4 Bc1 38.h5 f4 39.Rh8+ Kc7 40.f3 Bb1 41.h6 Be3 42.h7 Kb6
43.Re8 Bxh7 44.Rxe6+ Ka5 45.d5 Bb1 46.b4+ Kb5 47.a4+ Kxb4 48.d6 Bf5 49.Re7 Kxa4
50.Rxb7 Bc5 51.d7 Be7 52.Rxa7+ Kb5  1/2-1/2

[Event "24th ECC"]
[Site "Kallithea GRE"]
[Date "2008.10.17"]
[Round "1"]
[White "Onischuk,Al"]
[Black "Kekki,P"]
[Result "1-0"]
[WhiteElo "2644"]
[BlackElo "2385"]

1.d4 d5 2.c4 c6 3.Nc3 Nf6 4.Nf3 e6 5.e3 Nbd7 6.Bd3 dxc4 7.Bxc4 b5 8.Bd3 Bd6
9.O-O O-O 10.b3 Bb7 11.Bb2 a6 12.e4 e5 13.Ne2 exd4 14.Nexd4 Re8 15.Nf5 Bc7
16.Qc1 h6 17.Rd1 c5 18.Nxh6+ gxh6 19.Qxh6 Qe7 20.Bxb5 Ne5 21.Bxe8 Nxe8 22.Nxe5 Bxe5
23.Bxe5 Qxe5 24.f3 Nc7 25.Qb6 Rb8 26.Qd6 f6 27.Qxe5 fxe5 28.Rd6 Bc8 29.Rc1 Ne6
30.Rd5 Kf7 31.Rxe5 Kf6 32.Rf5+ Ke7 33.Kf2 a5 34.h4 a4 35.h5 axb3 36.axb3 Rxb3
37.h6 Rb2+ 38.Kg3 Bd7 39.h7 Rb8 40.Rh5 Rh8 41.f4 Kd6 42.Rh6 Ke7 43.f5 Ng5
44.Kf4  1-0

[Event "Ugra Cup"]
[Site "Khantiy Mansiysk RUS"]
[Date "2008.10.17"]
[Round "3"]
[White "Kotsur,P"]
[Black "Bocharov,D"]
[Result "0-1"]
[WhiteElo "2563"]
[BlackElo "2597"]

1.d4 d5 2.c4 c6 3.Nf3 Nf6 4.Nc3 e6 5.e3 Nbd7 6.Bd3 dxc4 7.Bxc4 b5 8.Be2 Bb7
9.O-O a6 10.e4 c5 11.e5 Nd5 12.Re1 Be7 13.a4 b4 14.Ne4 h6 15.a5 O-O 16.Ng3 Rc8
17.Bc4 Re8 18.Qd3 cxd4 19.Qxd4 Qc7 20.b3 Nc3 21.Bd2 Bc5 22.Qf4 Bxf3 23.Bxc3 Bxg2
24.Bb2 Bb7 25.h4 Nf6 26.Bf1 Nd5 27.Qg4 Kh8 28.Ne4 Nc3 29.Nxc5 Qxc5 30.Bc4 Red8
31.Bc1 Rd4 32.Qh5 f5 33.Re3 Rg4+ 34.Kf1 Qd4 35.Bb2 Rxh4  0-1

[Event "24th ECC"]
[Site "Kallithea GRE"]
[Date "2008.10.18"]
[Round "2"]
[White "Mitkov,M"]
[Black "Predojevic,B"]
[Result "1/2-1/2"]
[WhiteElo "2372"]
[BlackElo "2615"]

1.d4 d5 2.c4 c6 3.Nc3 Nf6 4.e3 e6 5.Nf3 Nbd7 6.Qc2 Bd6 7.Be2 O-O 8.O-O dxc4
9.Bxc4 b5 10.Be2 Bb7 11.Rd1 Qb8 12.h3 a6 13.e4 e5 14.dxe5 Nxe5 15.Bg5 Nxf3+
16.Bxf3 Bh2+ 17.Kh1 Be5 18.Rac1 Re8 19.Be3 Qc7 20.Nd5 cxd5 21.Qxc7 Bxc7 22.Rxc7 dxe4
23.Rxb7 exf3 24.gxf3 Re6 25.Rd4 h6 26.Kg2 Rc8 27.a4 bxa4 28.Rxa4 Rc2 29.Kf1 Nd5
30.Ra3 Rf6 31.Rd3 Nxe3+ 32.Rxe3 Rc1+ 33.Ke2 Rh1 34.Reb3 Rxh3 35.R7b6 Rxb6
36.Rxb6 Rh5 37.Rxa6 Rb5 38.Ra2 Rb3 39.f4 g6 40.f3 Kg7 41.Kf2 Rb4 42.Kg3 h5
43.Ra6 Rxb2 44.Rc6 Rb1 45.Ra6 Rb5 46.Rc6 Rf5 47.Ra6 Rf6 48.Ra5 Rb6 49.Rc5 Kf6
50.Ra5 Rd6 51.Re5 Rd3 52.Ra5 Rd4 53.Rb5 Ke6 54.Re5+ Kd6 55.Re8 Rd5 56.Re3 Ra5
57.Re1 Ra4 58.Re2 Ra7 59.Rd2+ Ke7 60.Re2+ Kf8 61.Re5 Kg7 62.Rb5 Ra4 63.Rb6 Ra5
64.Rc6 Rf5 65.Rb6 Kh6 66.Ra6 f6 67.Rb6 g5 68.fxg5+ Kxg5 69.Rb4 Rc5 70.Ra4 Rc3
71.Rb4 Ra3 72.Rc4 Kg6 73.Rb4 Ra5 74.Rc4 Rg5+ 75.Kf2 Kf5 76.Rh4 Ke6 77.Rh1 Ra5
78.Kg3 Kf7 79.Rh4 Rb5 80.Ra4 Rg5+ 81.Kf2 Rg7 82.Rh4 Kg6 83.Ra4 Kg5 84.Kg3 Kf5+
85.Kf2 Rh7 86.Ra5+ Kf4 87.Ra4+ Kg5 88.Kg3 Rg7 89.Rh4 Rg6 90.Ra4 f5 91.f4+ Kh6+
92.Kh3 Rg4 93.Ra6+ Kg7 94.Ra7+ Kf6 95.Ra6+ Kf7 96.Rh6 Rxf4 97.Rxh5 Kf6 98.Kg3 Rg4+
99.Kf3 Rg5  1/2-1/2

[Event "24th ECC"]
[Site "Kallithea GRE"]
[Date "2008.10.18"]
[Round "2"]
[White "Sargissian,G"]
[Black "Iotov,V"]
[Result "1/2-1/2"]
[WhiteElo "2642"]
[BlackElo "2532"]

1.d4 d5 2.c4 c6 3.Nc3 Nf6 4.e3 e6 5.Nf3 Nbd7 6.Bd3 dxc4 7.Bxc4 b5 8.Bd3 a6
9.e4 c5 10.d5 c4 11.Bc2 Qc7 12.dxe6 fxe6 13.O-O Bb7 14.Ng5 Nc5 15.e5 Qxe5
16.Re1 Qd6 17.Qxd6 Bxd6 18.Be3 O-O 19.Rad1 Be7 20.Bxc5 Bxc5 21.Nxe6 Rfc8
22.h3 Rab8 23.Nxc5 Rxc5 24.Rd6 Rc6 25.Rd4 Re8 26.Rxe8+ Nxe8 27.Ne4 Kf8 28.f3 h6
29.Kf2 Ke7 30.h4 Nd6 31.g4 Bc8 32.Ke3 Be6 33.Nxd6 Rxd6 34.g5 hxg5 35.hxg5 c3
36.bxc3 Bxa2 37.f4 Rxd4 38.Kxd4 a5 39.Bd3 b4 40.cxb4  1/2-1/2

[Event "24th ECC"]
[Site "Kallithea GRE"]
[Date "2008.10.18"]
[Round "2"]
[White "Maksimenko,An"]
[Black "Naumann,A"]
[Result "1/2-1/2"]
[WhiteElo "2536"]
[BlackElo "2518"]

1.d4 d5 2.c4 c6 3.Nf3 Nf6 4.Nc3 e6 5.e3 Nbd7 6.Qc2 Bd6 7.Be2 O-O 8.O-O dxc4
9.Bxc4 a6 10.a4 c5 11.Rd1 cxd4 12.Ne4 Nxe4 13.Qxe4 Nf6 14.Qxd4 Bc7 15.Bd2 Qxd4
16.Nxd4 Bd7 17.Be2  1/2-1/2

[Event "Ugra Cup"]
[Site "Khantiy Mansiysk RUS"]
[Date "2008.10.18"]
[Round "4"]
[White "Gutov,A"]
[Black "Iskusnyh,S"]
[Result "0-1"]
[WhiteElo "2477"]
[BlackElo "2467"]

1.d4 d5 2.c4 c6 3.Nc3 Nf6 4.e3 e6 5.Nf3 a6 6.b3 Bb4 7.Bd2 Nbd7 8.Bd3 O-O
9.O-O Qe7 10.Qc2 e5 11.dxe5 Nxe5 12.Nxe5 Qxe5 13.Nxd5 Nxd5 14.cxd5 Bxd2 15.Qxd2 Qxd5
16.Rad1 Qc5 17.b4 Qe7 18.Bb1 Be6 19.Qc2 g6 20.Rd4 a5 21.a3 axb4 22.axb4 Rfd8
23.Rfd1 Bf5 24.Qb2 Rxd4 25.Qxd4 Bxb1 26.Rxb1 Rd8 27.Qc3 Qe4 28.Ra1 Qd3 29.Qe1 Qd2
30.Kf1 Qb2 31.Rb1 Qe5 32.g3 Ra8 33.Qd1 Ra2 34.Qf3 Kg7 35.Rd1 Rb2 36.Rd4 Qb5+
37.Kg2 Rxb4  0-1

[Event "LiraH Autumn"]
[Site "Lichtenrade GER"]
[Date "2008.10.18"]
[Round "1"]
[White "Behrmann,J"]
[Black "Pixa,R"]
[Result "1-0"]
[WhiteElo "2204"]
[BlackElo "1803"]

1.d4 d5 2.c4 e6 3.Nc3 c6 4.e3 Nf6 5.Nf3 Nbd7 6.Bd3 dxc4 7.Bxc4 b5 8.Bd3 a6
9.e4 Bb7 10.e5 Nd5 11.Nxd5 cxd5 12.O-O Be7 13.Bd2 O-O 14.Qe1 Qb6 15.Ba5 Qa7
16.Bb4 Bxb4 17.Qxb4 Qb6 18.Qd2 Qd8 19.Qe3 h6 20.Nd2 Nb6 21.b3 Rc8 22.f4 Qd7
23.f5 Rc3 24.f6 g6 25.Qxh6  1-0

[Event "92nd ch-Marshall CC"]
[Site "New York USA"]
[Date "2008.10.18"]
[Round "3"]
[White "Rohde,M"]
[Black "Izoria,Z"]
[Result "0-1"]
[WhiteElo "2467"]
[BlackElo "2610"]

1.Nf3 d5 2.c4 e6 3.d4 Nf6 4.Nc3 c6 5.e3 Nbd7 6.Qc2 b6 7.Bd3 Bb7 8.O-O Be7
9.a3 dxc4 10.Bxc4 c5 11.Rd1 Qc8 12.d5 exd5 13.Nxd5 Nxd5 14.Bxd5 Bxd5 15.Rxd5 O-O
16.e4 Qb7 17.Bg5 Bxg5 18.Rxg5 Rfe8 19.Rd1 h6 20.Rg3 Rad8 21.Qd2 Qb8 22.Qc3 Nf6
23.Re1 Qf4 24.h3 g5 25.e5 Ne4 26.Rxe4 Qxe4 27.Nxg5 hxg5 28.Rxg5+ Kf8 29.Qg3 Rd3
30.f3 Qh7 31.Qg4 Re6 32.f4 Rd8 33.Rh5 Rh6 34.Rg5 Rg6 35.Qf5 Qg7 36.h4 Rxg5
37.hxg5 Qg6 38.Qh3 Rd1+ 39.Kh2 Kg7 40.Qg4 Qh7+ 41.Kg3 Rd3+ 42.Kf2 Qe4 43.Kg1 Qe1+
44.Kh2 Rd8  0-1

[Event "TCh-AUT 2nd Bundesliga West 2008-9"]
[Site "Austria AUT"]
[Date "2008.10.19"]
[Round "3"]
[White "Riedl,J"]
[Black "Jedinger,A"]
[Result "1/2-1/2"]
[WhiteElo "2145"]
[BlackElo "2183"]

1.Nf3 d5 2.d4 Nf6 3.c4 c6 4.Nc3 e6 5.e3 Nbd7 6.Bd3 dxc4 7.Bxc4 b5 8.Bd3 Bb7
9.O-O a6 10.e4 c5 11.d5 Qc7 12.dxe6 fxe6 13.Ng5 Qc6 14.Qe2 c4 15.Bc2 Bc5
16.Nd5 O-O 17.Nf4 e5 18.Nd5 h6 19.b4 Bd6 20.Ne6 Rfe8 21.Nxg7 Kxg7 22.Qe3 Ng8
23.Qg3+ Kh7 24.f4 Bf8 25.fxe5 Qg6 26.Qxg6+ Kxg6 27.e6 Ne5 28.Bb2 Bg7 29.Nf4+ Kh7
30.Nh5 Rxe6 31.Nxg7 Kxg7 32.Rf5 Rae8 33.Raf1 Kg6 34.h4 R8e7 35.h5+ Kg7 36.g4 Bc6
37.g5 hxg5 38.Rxg5+ Kh7 39.Rff5 Nd3 40.Bc3 Bxe4 41.Rf8 Nf4 42.Rxf4 Bxc2 43.Rf8 Nf6
44.Bxf6 Re1+ 45.Kf2 R7e2+  1/2-1/2

[Event "Guernsey Open"]
[Site "Guernsey GCI"]
[Date "2008.10.19"]
[Round "1"]
[White "Taylor,Mark"]
[Black "Cummins,J"]
[Result "1-0"]
[WhiteElo "2146"]
[BlackElo "1919"]

1.d4 d5 2.c4 e6 3.Nf3 Nf6 4.Nc3 c6 5.e3 Nbd7 6.Bd3 Be7 7.O-O O-O 8.b3 Qc7
9.Bb2 Re8 10.Rc1 Bf8 11.e4 dxe4 12.Nxe4 Nxe4 13.Bxe4 Nf6 14.Bb1 Bd6 15.Qc2 g6
16.h3 Bd7 17.Rcd1 Nh5 18.Rfe1 Bf8 19.Ne5 Bg7 20.Qd2 Rad8 21.g4 Nf6 22.Qf4 Bc8
23.Nxg6 Qa5 24.Ne5 Re7 25.Qf3 Nd7 26.Bc3 Qc7 27.Nxd7 Bxd7 28.Qe4 f5 29.gxf5 Bf6
30.Qf3 Rg7+ 31.Kh1 exf5 32.Rg1 Bc8 33.Rxg7+ Kxg7 34.Rg1+ Kh8 35.Bxf5 Qe7  1-0

[Event "24th ECC"]
[Site "Kallithea GRE"]
[Date "2008.10.19"]
[Round "3"]
[White "Braun,A"]
[Black "Jakovenko,D"]
[Result "0-1"]
[WhiteElo "2567"]
[BlackElo "2737"]

1.d4 d5 2.c4 c6 3.Nf3 Nf6 4.Nc3 e6 5.e3 Nbd7 6.Bd3 dxc4 7.Bxc4 b5 8.Bd3 Bd6
9.O-O O-O 10.a3 Bb7 11.e4 e5 12.Bg5 Re8 13.Ne2 a6 14.Rc1 h6 15.Bh4 exd4 16.Nfxd4 Nc5
17.Bb1 Ncxe4 18.Nxc6 Bxc6 19.Rxc6 Bxh2+ 20.Kh1 Qxd1 21.Rxd1 Nxf2+ 22.Bxf2 Rxe2
23.Bd4 Bg3 24.Bxf6 gxf6 25.Rxf6 Rae8 26.Rdf1 Re1 27.Bd3 Rxf1+ 28.Rxf1 h5
29.b3 Rd8 30.Rf3 h4 31.a4 bxa4 32.bxa4 a5 33.Bc4 Rd7 34.Kg1 Rc7 35.Bf1 Rc1
36.Rf5 Bc7 37.Kf2 Bb6+ 38.Ke2 Rc4 39.Kf3 Rxa4 40.Rf4 Rxf4+ 41.Kxf4 Kg7 42.Kg5 Bf2
43.Bc4 a4 44.Ba2 a3 45.Bb3 f6+ 46.Kf4 Kf8 47.Ba2 Ke7 48.Bb3 Be1 49.Kg4 Kd6
50.Kf5 Bc3 51.Bg8 Kc5 52.Kg4 Kd4 53.Kxh4 Bd2  0-1

[Event "24th ECC"]
[Site "Kallithea GRE"]
[Date "2008.10.19"]
[Round "3"]
[White "Moiseenko,A1"]
[Black "Colovic,A"]
[Result "1-0"]
[WhiteElo "2678"]
[BlackElo "2458"]

1.d4 d5 2.c4 c6 3.Nc3 Nf6 4.Nf3 e6 5.e3 Nbd7 6.Bd3 dxc4 7.Bxc4 b5 8.Bd3 a6
9.e4 c5 10.e5 cxd4 11.Nxb5 axb5 12.exf6 gxf6 13.O-O Qb6 14.Qe2 Bb7 15.Bf4 Bc6
16.Rfc1 Nc5 17.Bg3 Rd8 18.Rc2 Qb7 19.Re1 Rg8 20.Nh4 Rg5 21.f3 Nxd3 22.Qxd3 Rc5
23.Rce2 Qd7 24.Bf2 Re5 25.Rxe5 fxe5 26.Rxe5 Bg7 27.Re1 Kf8 28.Qxh7 Qd5 29.b3 b4
30.f4 Ra8 31.Re2 Bb5 32.Rd2 Rc8 33.h3 Rc1+ 34.Kh2 Bf1 35.Nf3 d3 36.Be3 Ba1
37.Rf2 Be2 38.Ne5 Bxe5 39.fxe5 Qxe5+ 40.Bf4 Qh5 41.Bd6+ Ke8 42.Qg7 e5 43.Qf8+ Kd7
44.Qe7+ Kc6 45.Bxe5  1-0

[Event "24th ECC"]
[Site "Kallithea GRE"]
[Date "2008.10.19"]
[Round "3"]
[White "Abeln,M"]
[Black "Beinoras,M"]
[Result "1-0"]
[WhiteElo "2329"]
[BlackElo "2434"]

1.d4 d5 2.c4 c6 3.Nc3 Nf6 4.e3 e6 5.Nf3 Nbd7 6.Qc2 Bd6 7.Bd3 dxc4 8.Bxc4 O-O
9.O-O e5 10.Bb3 Qe7 11.Bd2 Bb8 12.h3 Re8 13.Ng5 Rf8 14.f4 exd4 15.exd4 h6
16.Rae1 Qd8 17.Nf3 Nb6 18.Qd3 Nbd5 19.Ne5 a5 20.Ne2 Ba7 21.g4 Ne7 22.f5 Ned5
23.g5 hxg5 24.Bxg5 Qd6 25.Rf2 a4 26.Bxd5 cxd5 27.Bxf6 Qxf6 28.Ng4 Qg5 29.Nc3 Bd7
30.Rg2 Kh8 31.Rf1 Qh4 32.Kh1 f6 33.Ne2 Bb8 34.Nf4 Bxf4 35.Rxf4 Kg8 36.Qf3 Qe1+
37.Rg1 Qe8 38.Qg3 g5 39.Nxf6+  1-0

[Event "12th Essent Open"]
[Site "Hoogeveen NED"]
[Date "2008.10.20"]
[Round "4"]
[White "Goudriaan,E"]
[Black "L'Ami,E"]
[Result "0-1"]
[WhiteElo "2088"]
[BlackElo "2610"]

1.d4 Nf6 2.Nf3 e6 3.c4 d5 4.Nc3 c6 5.e3 Nbd7 6.Qc2 Bd6 7.g4 Nxg4 8.Rg1 Qf6
9.Rxg4 Qxf3 10.Rxg7 Nf8 11.Rg1 Ng6 12.Be2 Qf6 13.e4 Bxh2 14.Rg2 Bf4 15.e5 Qh4
16.Bxf4 Qxf4 17.Rg4 Qh6 18.Nd1 f6 19.exf6 Rf8 20.Ne3 Rxf6 21.Bd3 Bd7 22.O-O-O O-O-O
23.Kb1 Be8 24.Rdg1 Qf8 25.Rf1 Kb8 26.Ka1 Rf4 27.cxd5 exd5 28.Rxf4 Qxf4 29.Rh1 Qxd4
30.Rxh7 Ne5 31.Bf5 Qb4 32.Qe2 Qd6 33.a3 Nd7 34.Nc2 Nf8 35.Rh3 Bd7 36.Bxd7 Nxd7
37.Nd4 a6 38.Qe3 Rf8 39.Rh6 Qe5 40.Re6 Qxe3 41.fxe3 Nc5 42.Re7 Rf1+ 43.Ka2 Rf2
44.Kb1 a5 45.b4 axb4 46.axb4 Nd3 47.b5 Rb2+ 48.Ka1 c5 49.Rd7 cxd4 50.Rxd5 Ka7
51.Rxd4 Rb3 52.e4 Nc5  0-1

[Event "24th ECC"]
[Site "Kallithea GRE"]
[Date "2008.10.20"]
[Round "4"]
[White "Molnar,P SVK"]
[Black "Collins,S IRL"]
[Result "0-1"]
[WhiteElo "2297"]
[BlackElo "2412"]

1.d4 d5 2.Nf3 Nf6 3.c4 c6 4.e3 e6 5.Nc3 Nbd7 6.Qc2 Bd6 7.b3 O-O 8.Be2 e5
9.cxd5 cxd5 10.Nb5 Bb4+ 11.Bd2 Bxd2+ 12.Nxd2 exd4 13.Nxd4 Ne5 14.h3 Bd7 15.O-O Rc8
16.Qb2 Ne4 17.Rac1 Qf6 18.N2f3 Nc6 19.Bd3 Rfe8 20.a3 h6 21.Rc2 Qe7 22.Rfc1 Ng5
23.Bf1 Nxf3+ 24.Nxf3 Bf5 25.Rd2 Be4 26.Be2 a5 27.Rdd1 Red8 28.Rd2 Re8 29.Rdd1 Rcd8
30.Nd4 Ne5 31.Bf1 Rd6 32.Qc3 Rg6 33.g3 Qxa3 34.Ra1 Qd6 35.Qxa5 Nf3+ 36.Nxf3 Bxf3
37.Rd2 Rxe3 38.Qa8+ Kh7 39.Qxb7 Be4 40.g4 Rc3 41.Re1 Rg3+  0-1

[Event "24th ECC"]
[Site "Kallithea GRE"]
[Date "2008.10.20"]
[Round "4"]
[White "Gretarsson,Hj"]
[Black "Potkin,V"]
[Result "1/2-1/2"]
[WhiteElo "2284"]
[BlackElo "2613"]

1.c4 e6 2.Nc3 d5 3.d4 c6 4.e3 Nf6 5.Nf3 Nbd7 6.Qc2 Bd6 7.g4 Nxg4 8.Rg1 f5
9.h3 Ngf6 10.Rxg7 Ne4 11.Bd2 Qf6 12.Rg2 Nf8 13.O-O-O Ng6 14.Bd3 Bd7 15.Rdg1 Bc7
16.cxd5 exd5 17.Na4 O-O-O 18.Nc5 Kb8 19.Qb3 Nxc5 20.dxc5 Qe7 21.Qb4 f4 22.exf4 Rhf8
23.Re1 Qf6 24.f5 a5 25.Qa4 Bxf5 26.Bxf5 Qxf5 27.Nd4 Qxh3 28.Bxa5 Qxg2 29.Nxc6+ bxc6
30.Bxc7+  1/2-1/2